<?xml version="1.0" encoding="UTF-8"?>
<record
    xmlns:xsi="http://www.w3.org/2001/XMLSchema-instance"
    xsi:schemaLocation="http://www.loc.gov/MARC21/slim http://www.loc.gov/standards/marcxml/schema/MARC21slim.xsd"
    xmlns="http://www.loc.gov/MARC21/slim">

  <leader>02072nam a22003617a 4500</leader>
  <datafield tag="999" ind1=" " ind2=" ">
    <subfield code="c">6594</subfield>
    <subfield code="d">6594</subfield>
  </datafield>
  <controlfield tag="003">OSt</controlfield>
  <controlfield tag="005">20260416083107.0</controlfield>
  <controlfield tag="008">190228c        xxuf||p| |||| 00| 0 spa d</controlfield>
  <datafield tag="040" ind1=" " ind2=" ">
    <subfield code="c">PJ</subfield>
  </datafield>
  <datafield tag="245" ind1="1" ind2="0">
    <subfield code="a">Revista de derecho laboral :</subfield>
    <subfield code="b">la Ley de Contrato de Trabajo, 50 a&#xF1;os despu&#xE9;s /</subfield>
    <subfield code="c">director Mario E. Ackerman.</subfield>
  </datafield>
  <datafield tag="260" ind1=" " ind2=" ">
    <subfield code="a">Santa F&#xE9; :</subfield>
    <subfield code="b">Rubinzal-Culzoni,</subfield>
    <subfield code="c">2024.</subfield>
  </datafield>
  <datafield tag="300" ind1=" " ind2=" ">
    <subfield code="a">559 p.</subfield>
    <subfield code="c">22 cm.</subfield>
  </datafield>
  <datafield tag="310" ind1=" " ind2=" ">
    <subfield code="a">semestral</subfield>
  </datafield>
  <datafield tag="362" ind1=" " ind2=" ">
    <subfield code="a">No. 2 (2024)</subfield>
  </datafield>
  <datafield tag="505" ind1=" " ind2=" ">
    <subfield code="t">Comencemos y terminemos por el lado de los principios /</subfield>
    <subfield code="r">C&#xE9;sar Arese.</subfield>
  </datafield>
  <datafield tag="505" ind1=" " ind2=" ">
    <subfield code="t">La buena fe contractual en la ley de contrato de trabajo y en el nuevo dise&#xF1;o del C&#xF3;digo Civil y Comercial /</subfield>
    <subfield code="r">Carlos Alber o Livellara.</subfield>
  </datafield>
  <datafield tag="505" ind1=" " ind2=" ">
    <subfield code="t">De la ley 11.729 a la ley 20.744 /</subfield>
    <subfield code="r">Alejandro Sudera.</subfield>
  </datafield>
  <datafield tag="505" ind1=" " ind2=" ">
    <subfield code="t">Identificaci&#xF3;n de la relaci&#xF3;n de dependencia /</subfield>
    <subfield code="r">Silvia D&#xED;az.</subfield>
  </datafield>
  <datafield tag="505" ind1=" " ind2=" ">
    <subfield code="t">&#x201C;Ius variandi&#x201D;. de la jurisprudencia a la norma /</subfield>
    <subfield code="r">Juan Mart&#xED;n Segura.</subfield>
  </datafield>
  <datafield tag="505" ind1=" " ind2=" ">
    <subfield code="t">La jornada de trabajo a m&#xE1;s de noventa a&#xF1;os de la sanci&#xF3;n de la ley 11.544 y cincuenta a&#xF1;os de la ley de contrato de trabajo /</subfield>
    <subfield code="r">Silvia E. Pinto Varela.</subfield>
  </datafield>
  <datafield tag="505" ind1=" " ind2=" ">
    <subfield code="t">Curiosidades de la historia. la protecci&#xF3;n de la persona gestante en la ley de contrato de trabajo /</subfield>
    <subfield code="r">Horacio Las Heras.</subfield>
  </datafield>
  <datafield tag="505" ind1=" " ind2=" ">
    <subfield code="t">Licencias laborales. su evoluci&#xF3;n desde la vigencia de la LCT /</subfield>
    <subfield code="r">Jorge Oscar.</subfield>
  </datafield>
  <datafield tag="505" ind1=" " ind2=" ">
    <subfield code="t">Identificaci&#xF3;n de la remuneraci&#xF3;n en el art&#xED;culo 245 de la LCT / </subfield>
  </datafield>
  <datafield tag="505" ind1=" " ind2=" ">
    <subfield code="t">C&#xF3;mputo de la antig&#xFC;edad a los efectos del art&#xED;culo 245 de la LCT /</subfield>
    <subfield code="r"> Alejandro Sudera.</subfield>
  </datafield>
  <datafield tag="505" ind1=" " ind2=" ">
    <subfield code="t">La transferencia del establecimiento o de la empresa y la cesi&#xF3;n del contrato de trabajo / </subfield>
    <subfield code="r">Miguel &#xC1;ngel.</subfield>
  </datafield>
  <datafield tag="505" ind1=" " ind2=" ">
    <subfield code="t">El paulatino retorno al art&#xED;culo 276 de la LCT / </subfield>
    <subfield code="r">Ra&#xFA;l Horacio Ojeda.</subfield>
  </datafield>
  <datafield tag="650" ind1=" " ind2="0">
    <subfield code="9">1316</subfield>
    <subfield code="a">DERECHO LABORAL</subfield>
  </datafield>
  <datafield tag="650" ind1=" " ind2="0">
    <subfield code="9">1383</subfield>
    <subfield code="a">LEY DE CONTRATO DE TRABAJO</subfield>
  </datafield>
  <datafield tag="700" ind1=" " ind2=" ">
    <subfield code="9">1423</subfield>
    <subfield code="a">Ackermann, Mario Eduardo</subfield>
    <subfield code="e">director</subfield>
  </datafield>
  <datafield tag="856" ind1=" " ind2=" ">
    <subfield code="u">https://www.rubinzal.com.ar/revistas/revista-de-derecho-laboral/5/?home=1</subfield>
    <subfield code="y">Rubinzal Culzoni Editores</subfield>
  </datafield>
  <datafield tag="942" ind1=" " ind2=" ">
    <subfield code="2">udc</subfield>
    <subfield code="c">PP</subfield>
    <subfield code="h">347.1(05)</subfield>
    <subfield code="i">REV</subfield>
  </datafield>
  <datafield tag="952" ind1=" " ind2=" ">
    <subfield code="0">0</subfield>
    <subfield code="1">0</subfield>
    <subfield code="2">udc</subfield>
    <subfield code="4">0</subfield>
    <subfield code="7">0</subfield>
    <subfield code="a">DJS</subfield>
    <subfield code="b">DJS</subfield>
    <subfield code="d">2026-03-05</subfield>
    <subfield code="p">6743</subfield>
    <subfield code="r">2026-03-05</subfield>
    <subfield code="w">2026-03-05</subfield>
    <subfield code="y">PP</subfield>
  </datafield>
</record>
